| 000 | 00807nam a2200241 u 4500 | ||
|---|---|---|---|
| 001 | 154663 | ||
| 005 | 20260506075615.0 | ||
| 008 | 971204s1984 spa | ||
| 035 | _a154663 | ||
| 035 | _a(OCoLC)778006912 | ||
| 040 | _ccomduadb | ||
| 041 | _aspa | ||
| 080 | _aWC | ||
| 111 | 2 | 0 |
_aSimposio Interamericano de Toxoplasmosis (1984 : Bogota), _4aut _eaut |
| 245 | 1 | 0 | _aMemorias del Simposio Interamericano de Toxoplasmosis |
| 260 |
_aBogotá : _bICFES (Instituto Colombiano para el Fomento de la Educación Superior), _c1984. |
||
| 300 | _a289 páginas | ||
| 650 |
_aToxoplasmosis _953130 |
||
| 700 | 1 | 0 |
_aGuhl Nannetti, Felipe, _d1949- _4edt _eedt _9506052 |
| 700 | 1 | 0 |
_aCornelis J., Marinkelle _4edt _eedt _9483992 |
| 700 | 1 | 0 |
_aRodriguez de Sanchez, Nhora _4edt _eedt _9483993 |
| 942 | _cBOOK | ||
| 999 |
_c75615 _d75615 |
||